Départements du Guatemala (Click) - Statistiques

Statistiques générales
  • Ce quiz a été pris 23 fois
  • Le résultat moyen est 3 sur 22
Statistiques - réponses
Hint Réponse % Correct

San Marcos
45%

Petén
36%

Alta Verapaz
27%

Guatemala
27%

Izabal
27%

Chimaltenango
18%

Chiquimula
18%

Huehuetenango
18%

Jutiapa
18%

Sololá
18%

Baja Verapaz
9%

El Progreso
9%

Escuintla
9%

Quetzaltenango
9%

Quiché
9%

Retalhuleu
9%

Santa Rosa
9%

Suchitepéquez
9%

Totonicapán
9%

Jalapa
0%

Sacatepéquez
0%

Zacapa
0%
Aucun quiz correspondant
Distribution des résultats
% des personnes avec chaque résultat
Percentile par nombre de réponses
Votre historique - résultats
Vous n’avez pas pris ce quiz